| 000 | 00649nam a2200181 a 4500 | ||
|---|---|---|---|
| 005 | 20210219160315.0 | ||
| 008 | 081009s1990 mx r 000 0 spa d | ||
| 035 | _aUPN01000162987 | ||
| 049 | _aUNE | ||
| 080 | _a371.3 (72) "1990" MOD. | ||
| 245 | 0 | 0 | _aModelo de evaluación de la calidad educativa (MECE) |
| 260 |
_aMéxico : _bSEP, _c1990. |
||
| 300 | _apág. irregular | ||
| 690 | _aCalidad de la educacion- Evaluacion de la educacion- Mexico | ||
| 690 | _aModelos educacionales- Calidad de la educacion- Mexico | ||
| 710 | 1 | _aMéxico. Secretaría de Educación Pública. Dirección de Evaluación del Proceso Educativo. | |
| 905 | _aUNESCO | ||
| 999 |
_c135100 _d135100 |
||